| 000 | 003880000a22001450004500 | ||
|---|---|---|---|
| 090 |
_aAR _b02811 |
||
| 245 | 1 | 0 | _aArtrópodos de importancia en salud pública |
| 650 | 1 | 4 |
_aEntomología _94483 |
| 650 | 1 | 4 |
_aParasitismo _993203 |
| 650 | 1 | 4 |
_aZoonosis _914533 |
| 041 | 0 | _aEspañol | |
| 100 | 1 |
_aMolina Escobar, Jorge Alberto _996226 |
|
| 942 | _cARTICULO | ||
| 773 | 1 |
_tPreprint _33 _q1-11 _d1996? |
|
| 999 |
_c11871 _d11871 |
||